La conciliación : (Registro nro. 6861)
[ vista simple ]
| 000 -LEADER | |
|---|---|
| fixed length control field | 01099cam a2200277 a 4500 |
| 003 - CONTROL NUMBER IDENTIFIER | |
| control field | OSt |
| 005 - DATE AND TIME OF LATEST TRANSACTION | |
| control field | 20200918121259.0 |
| 008 - FIXED-LENGTH DATA ELEMENTS--GENERAL INFORMATION | |
| fixed length control field | 030901s2003 ck a l 000 0 spa |
| 020 ## - INTERNATIONAL STANDARD BOOK NUMBER | |
| International Standard Book Number | 9586532852 |
| 040 ## - CATALOGING SOURCE | |
| Original cataloging agency | DLC |
| Transcribing agency | CO-JMCR |
| 041 0# - LANGUAGE CODE | |
| Language code of text/sound track or separate title | spa |
| 082 04 - DEWEY DECIMAL CLASSIFICATION NUMBER | |
| Edition number | 23 |
| Classification number | 347.09 / |
| Item number | C718c |
| 110 1# - MAIN ENTRY--CORPORATE NAME | |
| Corporate name or jurisdiction name as entry element | Colombia. |
| 9 (RLIN) | 8040 |
| 245 13 - TITLE STATEMENT | |
| Title | La conciliación : |
| Remainder of title | mecanismo alternativo de solución de conflictos / |
| 250 ## - EDITION STATEMENT | |
| Edition statement | Quinta edicicón |
| 260 ## - PUBLICATION, DISTRIBUTION, ETC. | |
| Place of publication, distribution, etc. | Bogotá : |
| Name of publisher, distributor, etc. | LEGIS, Información & Soluciones, |
| Date of publication, distribution, etc. | 2003. |
| 300 ## - PHYSICAL DESCRIPTION | |
| Extent | 308 páginas ; |
| Dimensions | 17 cm. |
| 490 1# - SERIES STATEMENT | |
| Series statement | Colección Códigos básicos |
| 505 0# - FORMATTED CONTENTS NOTE | |
| Formatted contents note | Disposiciones generales -- Conciliaciones extrajudiciales -- Conciliación judicial o en ejercicio de funciones jurisdiccionales -- Disposiciones varias |
| 538 ## - SYSTEM DETAILS NOTE | |
| System details note | System requirements for accompanying CD-ROM: Macintosh or IBM compatible PC. |
| 650 20 - SUBJECT ADDED ENTRY--TOPICAL TERM | |
| Topical term or geographic name entry element | Conciliation (Civil procedure) |
| Geographic subdivision | Colombia. |
| 9 (RLIN) | 10507 |
| 650 24 - SUBJECT ADDED ENTRY--TOPICAL TERM | |
| Topical term or geographic name entry element | Mediation |
| Geographic subdivision | Colombia. |
| 9 (RLIN) | 10508 |
| 650 24 - SUBJECT ADDED ENTRY--TOPICAL TERM | |
| Topical term or geographic name entry element | Dispute resolution (Law) |
| Geographic subdivision | Colombia. |
| 9 (RLIN) | 10509 |
| 710 1# - ADDED ENTRY--CORPORATE NAME | |
| Corporate name or jurisdiction name as entry element | Colombia. |
| Subordinate unit | Ministerio del Interior y de Justícia. |
| 9 (RLIN) | 3541 |
| 942 ## - ADDED ENTRY ELEMENTS (KOHA) | |
| Source of classification or shelving scheme | Dewey Decimal Classification |
| Koha item type | Books |
| Withdrawn status | Lost status | Source of classification or shelving scheme | Damaged status | Not for loan | Home library | Current library | Shelving location | Date acquired | Coded location qualifier | Total Checkouts | Full call number | Barcode | Date last seen | Date last checked out | Copy number | Price effective from | Koha item type |
|---|---|---|---|---|---|---|---|---|---|---|---|---|---|---|---|---|---|
| Dewey Decimal Classification | Biblioteca Pública José María del Castillo y Rada | Biblioteca Pública José María del Castillo y Rada | General Stacks | 04/15/2018 | $0. | 1 | 347.09 / C718c | 201809786 | 07/08/2025 | 07/07/2025 | Ej.1 | 04/15/2018 | Books |